Estadísticas para Copa Mundial de la FIFA 2022

Haz click aquí para intentar la prueba.

Estadísticas generales

  • Esta prueba ha sido intentada 6.070 veces
  • La puntuación promedio es 27 de 32

Estadísticas de respuestas

GroupTeam% Correcto
Group CArgentina
99%
Group EEspaña
98%
Group DFrancia
97%
Group EAlemania
96%
Group GBrasil
96%
Group EJapón
95%
Group CMéxico
94%
Group BEstados Unidos
92%
Group BInglaterra
92%
Group HPortugal
92%
Group ACatar
91%
Group APaíses Bajos
89%
Group CArabia Saudita
88%
Group DAustralia
88%
Group CPolonia
88%
Group HUruguay
88%
Group FMarruecos
87%
Group HCorea del Sur
85%
Group FCroacia
85%
Group AEcuador
85%
Group ECosta Rica
84%
Group FBélgica
83%
Group FCanadá
83%
Group ASenegal
82%
Group GSuiza
78%
Group DDinamarca
75%
Group GCamerún
73%
Group BIrán
73%
Group HGhana
71%
Group BGales
70%
Group GSerbia
67%
Group DTúnez
59%

Distribución de puntuación

Porcentaje por número respondido

Porcentaje de gente con cada puntuación

Historial de tus puntuaciones

No has intentado esta prueba.